The cooperating teacher : a practical approach for the supervision of student teachers /

Bibliographic Details
Main Author: Balch, Pamela M., 1950-
Other Authors: Balch, Patrick E., 1932-
Format: Book
Language:English
Published: Lanham, MD : University Press of America, [1987]
Subjects:

MARC

Tag First Indicator Second Indicator Subfields
LEADER 00000cam a2200000 a 4500
001 in00000028995
005 20151007054755.0
008 870425s1987 mdua b 00110 eng
010 |a  87010585  
020 |a 0819164240 (alk. paper) :  |c $23.50 
020 |a 0819164259 (pbk. : alk. paper) :  |c $11.75 
035 |a (OCoLC)15654771 
035 |9 AAB6177AM 
040 |a DLC  |c DLC  |d TXA  |d UtOrBLW 
043 |a n-us--- 
049 |a TXAM  |c [A11503563] 
050 0 0 |a LB2157.U5  |b B24 1987 
082 0 |a 370/.7/33  |2 19 
100 1 |a Balch, Pamela M.,  |d 1950- 
245 1 4 |a The cooperating teacher :  |b a practical approach for the supervision of student teachers /  |c Pamela M. Balch, Patrick E. Balch. 
264 1 |a Lanham, MD :  |b University Press of America,  |c [1987] 
264 4 |c ©1987 
300 |a xv, 279 pages :  |b illustrations (some color) ;  |c 23 cm. 
336 |a text  |b txt  |2 rdacontent 
337 |a unmediated  |b n  |2 rdamedia 
338 |a volume  |b nc  |2 rdacarrier 
504 |a Includes bibliographies and index. 
650 0 |a Student teachers  |x Supervision of  |z United States. 
650 0 |a Student teachers  |z United States. 
650 0 |a Student teaching  |z United States. 
700 1 |a Balch, Patrick E.,  |d 1932- 
999 |a MARS 
999 f f |s 3988d394-d014-3466-89f8-37197a977863  |i eb043ee6-99f0-3ea7-95f2-36913c5ec4d3  |t 0 
952 f f |p normal  |a Texas A&M University  |b College Station  |c Sterling C. Evans Library  |d Evans: Library Stacks  |t 0  |e LB2157.U5 B24 1987  |h Library of Congress classification  |i unmediated -- volume  |m A14811503563 
998 f f |a LB2157.U5 B24 1987  |t 0  |l Evans: Library Stacks